[Event "Vlissingen HZ op 24th"]
[Site "Vlissingen"]
[Date "2022.08.06"]
[Round "1"]
[White "Van der Kaap, Jos"]
[Black "Boerkamp, Harrie"]
[Result "1-0"]
[WhiteElo "2187"]
[BlackElo "1790"]
[PlyCount "61"]
[EventDate "2022.08.06"]
[EventType "swiss"]
[EventRounds "9"]
[EventCountry "NED"]
[SourceTitle "CBM 209 Extra"]
[Source "ChessBase"]
[SourceDate "2022.09.30"]
[SourceVersion "1"]
[SourceVersionDate "2022.09.30"]
[SourceQuality "1"]

1. d4 d5 2. Bf4 Bf5 3. c4 c6 4. e3 e6 5. Nc3 Nf6 6. Qb3 Qb6 7. c5 Qxb3 8. axb3 Nbd7 9. b4 Be7 10. b5 Nh5 11. bxc6 bxc6 12. Bc7 Bd8 13. Bd6 Be7 14. Bc7 Bd8 15. Be5 Nxe5 16. dxe5 g5 17. Be2 Bg6 18. Nf3 Kd7 19. 0-0 Be7 20. Na4 Ng7 21. Nd4 Nf5 22. Ra2 h5 23. Rfa1 Rab8 24. Nb6+ axb6 25. Ra7+ Ke8 26. Nxc6 Rc8 27. cxb6 Rxc6 28. Bb5 Bc5 29. Bxc6+ Kf8 30. Ra8+ Kg7 31. Rxh8 1-0

[Event "Vlissingen HZ op 23rd"]
[Site "Vlissingen"]
[Date "2019.08.08"]
[Round "7"]
[White "Boerkamp, Harrie"]
[Black "Zwirs, Jasper"]
[Result "0-1"]
[WhiteElo "1915"]
[BlackElo "2110"]
[PlyCount "112"]
[EventDate "2019.08.03"]
[EventType "swiss"]
[EventRounds "9"]
[EventCountry "NED"]
[SourceTitle "CBM 191 Extra"]
[Source "ChessBase"]
[SourceDate "2019.09.30"]
[SourceVersion "1"]
[SourceVersionDate "2019.09.30"]
[SourceQuality "1"]

1. e4 c5 2. d4 cxd4 3. c3 dxc3 4. Nxc3 Nc6 5. Nf3 d6 6. Bc4 a6 7. 0-0 Nf6 8. Qe2 Bg4 9. Rd1 Bxf3 10. Qxf3 Ne5 11. Qe2 Nxc4 12. Qxc4 e6 13. Bf4 Be7 14. Qb4 a5 15. Qxb7 Rb8 16. Qc6+ Qd7 17. Qxd7+ Nxd7 18. b3 Ne5 19. Rac1 0-0 20. f3 Rfc8 21. Be3 Kf8 22. Kf2 Ke8 23. Ke2 Rc6 24. Na4 Rbc8 25. Nb6 Rc2+ 26. Rxc2 Rxc2+ 27. Rd2 Rc6 28. f4 Ng4 29. Nc4 Nxe3 30. Nxe3 Kd7 31. Nc4 Ra6 32. Kd3 g6 33. Kd4 f6 34. Rc2 Bd8 35. Kd3 Bc7 36. g3 Bb8 37. Ne3 f5 38. exf5 gxf5 39. Nc4 e5 40. fxe5 dxe5 41. Rf2 Ke6 42. Rc2 Ba7 43. Ke2 Bd4 44. Kf3 Kd5 45. Ne3+ Bxe3 46. Kxe3 a4 47. bxa4 Rxa4 48. Rd2+ Ke6 49. Rb2 Ra3+ 50. Ke2 Kf6 51. Kf2 Kg5 52. h3 e4 53. Kg2 h5 54. h4+ Kg4 55. Rf2 Rxg3+ 56. Kh2 Ra3 0-1

[Event "Vlissingen HZ op 22nd"]
[Site "Vlissingen"]
[Date "2018.08.10"]
[Round "8"]
[White "Boerkamp, Harrie"]
[Black "Hoeneveld, Maarten"]
[Result "1/2-1/2"]
[WhiteElo "1887"]
[BlackElo "2066"]
[PlyCount "63"]
[EventDate "2018.08.04"]
[EventType "swiss"]
[EventRounds "9"]
[EventCountry "NED"]
[SourceTitle "CBM 185 Extra"]
[Source "ChessBase"]
[SourceDate "2018.07.29"]
[SourceVersion "1"]
[SourceVersionDate "2018.07.29"]
[SourceQuality "1"]

1. e4 e5 2. Nf3 Nf6 3. Bc4 Nc6 4. d4 exd4 5. e5 Ne4 6. 0-0 d5 7. Bb5 Bd7 8. Bxc6 Bxc6 9. Nxd4 Qd7 10. Be3 0-0-0 11. a4 Kb8 12. f3 Nc5 13. c3 Bxa4 14. b3 Bb5 15. Nxb5 Qxb5 16. b4 Na6 17. Na3 Qd7 18. Qe2 c5 19. bxc5 Bxc5 20. Bxc5 Nxc5 21. Rfb1 Qc6 22. Nb5 a6 23. Nd4 Qc7 24. Qa2 Rhe8 25. f4 g5 26. Nb5 Qc6 27. Nd6 Re7 28. Qa5 Rf8 29. Rb6 Qc7 30. Nb5 Qd7 31. Nd6 Qc7 32. Nb5 1/2-1/2

[Event "Vlissingen HZ op 22nd"]
[Site "Vlissingen"]
[Date "2018.08.05"]
[Round "3"]
[White "Van Liempt, Michael"]
[Black "Boerkamp, Harrie"]
[Result "1/2-1/2"]
[WhiteElo "2068"]
[BlackElo "1887"]
[PlyCount "33"]
[EventDate "2018.08.04"]
[EventType "swiss"]
[EventRounds "9"]
[EventCountry "NED"]
[SourceTitle "CBM 185 Extra"]
[Source "ChessBase"]
[SourceDate "2018.07.29"]
[SourceVersion "1"]
[SourceVersionDate "2018.07.29"]
[SourceQuality "1"]

1. e4 e5 2. Nf3 Nc6 3. d4 exd4 4. Bc4 Nf6 5. e5 d5 6. Bb5 Ne4 7. Nxd4 Bc5 8. Be3 Bd7 9. Bxc6 bxc6 10. 0-0 Qe7 11. f3 Nd6 12. Re1 Nf5 13. Nxf5 Bxf5 14. c3 0-0 15. Nd2 Bxe3+ 16. Rxe3 c5 17. Nb3 1/2-1/2

[Event "Benidorm op U2000 16th"]
[Site "Benidorm"]
[Date "2017.12.07"]
[Round "8"]
[White "Lisarri Tomas, Antonio"]
[Black "Boerkamp, Harrie"]
[Result "1-0"]
[WhiteElo "1959"]
[BlackElo "1905"]
[PlyCount "67"]
[EventDate "2017.12.01"]
[EventType "swiss"]
[EventRounds "10"]
[EventCountry "ESP"]
[SourceTitle "EXT 2019"]
[Source "ChessBase"]
[SourceDate "2018.10.10"]
[SourceVersion "1"]
[SourceVersionDate "2018.10.10"]
[SourceQuality "1"]

1. c4 e5 2. Nc3 Nc6 3. g3 f5 4. Bg2 Nf6 5. d3 Bc5 6. e3 0-0 7. Nge2 Qe8 8. a3 a6 9. b4 Be7 10. Nd5 Bd8 11. Bb2 d6 12. 0-0 Nxd5 13. cxd5 Ne7 14. f4 Ng6 15. Qd2 Bd7 16. Rae1 exf4 17. exf4 Qf7 18. Nd4 Kh8 19. Ne6 Rg8 20. h4 h6 21. Qe2 Nf8 22. Bf3 Kh7 23. Rf2 c6 24. Rh2 Bxe6 25. dxe6 Qe7 26. g4 Bb6+ 27. Kf1 Ng6 28. gxf5 Nxh4 29. Be4 g6 30. fxg6+ Nxg6 31. Qh5 Qf8 32. f5 d5 33. e7 Nf4 34. exf8N+ 1-0

[Event "Vlissingen HZ op 21st"]
[Site "Vlissingen"]
[Date "2017.08.07"]
[Round "4"]
[White "Van der Elburg, Freddie"]
[Black "Boerkamp, Harrie"]
[Result "1-0"]
[WhiteElo "2131"]
[BlackElo "1910"]
[PlyCount "85"]
[EventDate "2017.08.05"]
[EventType "swiss"]
[EventRounds "9"]
[EventCountry "NED"]
[SourceTitle "CBM 179 Extra"]
[Source "ChessBase"]
[SourceDate "2017.08.23"]
[SourceVersion "1"]
[SourceVersionDate "2017.08.23"]
[SourceQuality "1"]

1. f4 e5 2. fxe5 d6 3. exd6 Bxd6 4. Nf3 g5 5. g3 g4 6. Nh4 Ne7 7. d4 Ng6 8. Nxg6 hxg6 9. Qd3 Bf5 10. e4 Qe7 11. Bg2 Nc6 12. c3 0-0-0 13. Be3 Bd7 14. Bf2 f5 15. Nd2 fxe4 16. Nxe4 Bf5 17. 0-0-0 Qf7 18. Kb1 Rhe8 19. Rhf1 Qd5 20. Rfe1 Qa5 21. Ka1 Bf8 22. Qc2 Be6 23. b3 Bf5 24. Bf1 Rxe4 25. Rxe4 Bxe4 26. Qxe4 Qxc3+ 27. Kb1 Ba3 28. Qxg4+ Kb8 29. Qe2 Qb4 30. Bg2 Qd6 31. d5 Ne7 32. Be3 Qd7 33. Qf2 Qf5+ 34. Qxf5 Nxf5 35. Bf2 c6 36. g4 Ne7 37. Bg3+ Ka8 38. d6 Nc8 39. d7 Nb6 40. Be4 g5 41. Bf5 Nd5 42. Re1 Be7 43. Rxe7 1-0

[Event "Gibraltar Masters 15th"]
[Site "Caleta"]
[Date "2017.01.29"]
[Round "6"]
[White "Lapusan, Razvan"]
[Black "Boerkamp, Harrie"]
[Result "0-1"]
[WhiteElo "1525"]
[BlackElo "1955"]
[PlyCount "68"]
[EventDate "2017.01.24"]
[EventType "swiss"]
[EventRounds "10"]
[EventCountry "GGB"]
[SourceTitle "CBM 177"]
[Source "ChessBase"]
[SourceDate "2017.03.16"]
[SourceVersion "1"]
[SourceVersionDate "2017.03.16"]
[SourceQuality "1"]

1. Nf3 Nf6 2. g3 Nc6 3. d4 d5 4. Bg2 Bf5 5. c3 e6 6. Bg5 Be7 7. 0-0 Nd7 8. Bxe7 Qxe7 9. Nbd2 h5 10. c4 g5 11. Re1 Nf8 12. e4 dxe4 13. Nxe4 Bxe4 14. Rxe4 g4 15. Nh4 Qg5 16. d5 0-0-0 17. Qa4 exd5 18. cxd5 Rxd5 19. Re8+ Rd8 20. Bxc6 bxc6 21. Rxd8+ Qxd8 22. Qxa7 Qd4 23. Re1 Nd7 24. Qa8+ Nb8 25. Qa3 Rd8 26. Ng2 Qd6 27. Qa4 Qd4 28. Qc2 Rd5 29. b3 c5 30. Nf4 Qd2 31. Qe4 Rd6 32. Nxh5 Re6 33. Qxe6+ fxe6 34. Rxe6 Qd1+ 0-1

[Event "Vlissingen HZ op 20th"]
[Site "Vlissingen"]
[Date "2016.08.07"]
[Round "3"]
[White "Stillger, Bernhard"]
[Black "Boerkamp, Harrie"]
[Result "1-0"]
[WhiteElo "2235"]
[BlackElo "1946"]
[PlyCount "77"]
[EventDate "2016.08.06"]
[EventType "swiss"]
[EventRounds "9"]
[EventCountry "NED"]
[SourceTitle "CBM 173 Extra"]
[Source "ChessBase"]
[SourceDate "2016.08.29"]
[SourceVersion "1"]
[SourceVersionDate "2016.08.29"]
[SourceQuality "1"]

1. Nf3 Nc6 2. e4 e5 3. Nc3 Nf6 4. d4 exd4 5. Nxd4 Bb4 6. Nxc6 bxc6 7. Bd3 0-0 8. 0-0 d6 9. Bg5 h6 10. Bd2 a5 11. Qf3 Ng4 12. Qg3 Kh8 13. f4 Bc5+ 14. Kh1 h5 15. h3 h4 16. Qf3 Nh6 17. Rae1 f5 18. Qh5 Bd7 19. exf5 Bxf5 20. Ne4 Bd4 21. Ng5 Qf6 22. Bxf5 Qxf5 23. c3 Bf6 24. Qxh4 Qd3 25. Bc1 Bxg5 26. Qxg5 Rae8 27. Qh5 Rxe1 28. Rxe1 Qg3 29. Rf1 Rf5 30. Qe8+ Kh7 31. Qe4 g6 32. Qe1 Qd3 33. Rf3 Qd5 34. b3 Rf7 35. c4 Qh5 36. Kg1 Ng8 37. Bb2 Re7 38. Qc3 Qc5+ 39. Kh2 1-0

[Event "Vlissingen HZ op 19th"]
[Site "Vlissingen"]
[Date "2015.08.04"]
[Round "5"]
[White "Boerkamp, Harrie"]
[Black "Buckels, Valentin"]
[Result "0-1"]
[WhiteElo "1949"]
[BlackElo "2152"]
[PlyCount "76"]
[EventDate "2015.08.01"]
[EventType "swiss"]
[EventRounds "9"]
[EventCountry "NED"]
[SourceTitle "CBM 167 Extra"]
[Source "ChessBase"]
[SourceDate "2015.09.14"]
[SourceVersion "1"]
[SourceVersionDate "2015.09.14"]
[SourceQuality "1"]

1. e4 e5 2. Nf3 Nc6 3. Bc4 Bc5 4. b4 Bxb4 5. c3 Ba5 6. d4 exd4 7. Qb3 Qf6 8. 0-0 Bb6 9. e5 Qg6 10. cxd4 Na5 11. Qc3 Nxc4 12. Qxc4 Ne7 13. Ba3 Qe6 14. Qd3 Nd5 15. Nc3 h6 16. Rfe1 Nf4 17. Qe4 Qg4 18. g3 Nh3+ 19. Kg2 Qxe4 20. Nxe4 Ng5 21. Nfxg5 hxg5 22. Rad1 Ba5 23. Re2 b6 24. Nxg5 Bb7+ 25. f3 Bd5 26. Rc1 0-0-0 27. Rec2 c6 28. Ne4 Rh6 29. Nd6+ Kb8 30. Nf5 Rh7 31. Ne3 Be6 32. Nc4 Rdh8 33. h4 Bxc4 34. Rxc4 g5 35. Be7 gxh4 36. gxh4 Rg8+ 37. Kf2 Bd2 38. Rg1 Be3+ 0-1

[Event "Vlissingen HZ op 19th"]
[Site "Vlissingen"]
[Date "2015.08.02"]
[Round "2"]
[White "Gijsen, Stief"]
[Black "Boerkamp, Harrie"]
[Result "1/2-1/2"]
[WhiteElo "2203"]
[BlackElo "1949"]
[PlyCount "89"]
[EventDate "2015.08.01"]
[EventType "swiss"]
[EventRounds "9"]
[EventCountry "NED"]
[SourceTitle "CBM 167 Extra"]
[Source "ChessBase"]
[SourceDate "2015.09.14"]
[SourceVersion "1"]
[SourceVersionDate "2015.09.14"]
[SourceQuality "1"]

1. d4 Nf6 2. c4 c5 3. d5 b5 4. cxb5 a6 5. bxa6 Bxa6 6. Nc3 d6 7. e4 Bxf1 8. Kxf1 g6 9. g3 Bg7 10. Kg2 0-0 11. Nf3 Nbd7 12. a4 Qb6 13. Re1 Rfb8 14. Nb5 Ne8 15. Nd2 Nc7 16. Nc4 Qb7 17. Nxc7 Qxc7 18. Qc2 Ne5 19. Re2 Nxc4 20. Qxc4 Rb4 21. Qc2 Qa7 22. f4 Bd4 23. Ra3 Rxa4 24. Rxa4 Qxa4 25. Qxa4 Rxa4 26. Kf3 Rb4 27. h4 h5 28. e5 Rb3+ 29. Kg2 Kf8 30. exd6 exd6 31. f5 Be5 32. Be3 Rxb2 33. Rxb2 Bxb2 34. fxg6 fxg6 35. g4 Kf7 36. gxh5 gxh5 37. Kf3 Be5 38. Bf2 c4 39. Ke4 Kg6 40. Be3 Bf6 41. Bf4 Bxh4 42. Bxd6 Bf6 43. Bb4 c3 44. Bxc3 Bxc3 45. Kf3 1/2-1/2

[Event "Vlissingen HZ op 16th"]
[Site "Vlissingen"]
[Date "2012.08.11"]
[Round "9"]
[White "Boerkamp, Harrie"]
[Black "Blom, Vincent"]
[Result "1/2-1/2"]
[WhiteElo "1963"]
[BlackElo "2139"]
[PlyCount "40"]
[EventDate "2012.08.04"]
[EventType "swiss"]
[EventRounds "9"]
[EventCountry "NED"]
[SourceTitle "CBM 149 Extra"]
[Source "ChessBase"]
[SourceDate "2012.08.24"]
[SourceVersion "1"]
[SourceVersionDate "2012.08.24"]
[SourceQuality "1"]

1. e4 c5 2. d4 cxd4 3. c3 d3 4. c4 Nc6 5. Nf3 d6 6. Bxd3 g6 7. Nc3 Bg7 8. 0-0 Nf6 9. a3 0-0 10. h3 b6 11. Be3 Bb7 12. Rc1 Rc8 13. b4 Nd7 14. Qb3 Nde5 15. Be2 Nxf3+ 16. Bxf3 a6 17. Rfd1 Kh8 18. Nd5 b5 19. c5 Qe8 20. Nb6 Rd8 1/2-1/2

[Event "Vlissingen HZ op 16th"]
[Site "Vlissingen"]
[Date "2012.08.05"]
[Round "2"]
[White "Laarhoven, Thijs"]
[Black "Boerkamp, Harrie"]
[Result "1-0"]
[WhiteElo "2226"]
[BlackElo "1963"]
[PlyCount "55"]
[EventDate "2012.08.04"]
[EventType "swiss"]
[EventRounds "9"]
[EventCountry "NED"]
[SourceTitle "CBM 149 Extra"]
[Source "ChessBase"]
[SourceDate "2012.08.24"]
[SourceVersion "1"]
[SourceVersionDate "2012.08.24"]
[SourceQuality "1"]

1. e4 c5 2. Nf3 d6 3. d4 cxd4 4. Nxd4 Nf6 5. Nc3 a6 6. Bg5 e6 7. f4 Be7 8. Qf3 Qc7 9. 0-0-0 Nbd7 10. g4 b5 11. Bxf6 Nxf6 12. g5 Nd7 13. f5 Bxg5+ 14. Kb1 Ne5 15. Qh5 Bf6 16. Nxe6 Bxe6 17. fxe6 g6 18. Nd5 Qd8 19. Qh3 Be7 20. exf7+ Kxf7 21. Be2 Kg7 22. Rhf1 Rf8 23. Rxf8 Bxf8 24. Rf1 Ra7 25. Nf4 Re7 26. Ne6+ Rxe6 27. Qxe6 Qe7 28. Qc8 1-0